<?xml version="1.0" encoding="UTF-8"?>
<record
    xmlns:xsi="http://www.w3.org/2001/XMLSchema-instance"
    xsi:schemaLocation="http://www.loc.gov/MARC21/slim http://www.loc.gov/standards/marcxml/schema/MARC21slim.xsd"
    xmlns="http://www.loc.gov/MARC21/slim">

  <leader>01233nam a22002297a 4500</leader>
  <datafield tag="999" ind1=" " ind2=" ">
    <subfield code="c">22351</subfield>
    <subfield code="d">22351</subfield>
  </datafield>
  <controlfield tag="003">AR-CdUCM</controlfield>
  <controlfield tag="008">190429b           ||||| |||| 00| 0 spa d</controlfield>
  <datafield tag="040" ind1=" " ind2=" ">
    <subfield code="a">MUNICIPALIDAD PROVINCIAL DEL CUSCO</subfield>
    <subfield code="c">BIBLIOTECA MUNICIPAL DEL CUSCO</subfield>
  </datafield>
  <datafield tag="082" ind1=" " ind2=" ">
    <subfield code="a">ClubCusco/N&#xB0;1/1994</subfield>
  </datafield>
  <datafield tag="110" ind1=" " ind2=" ">
    <subfield code="a">Club Cusco</subfield>
    <subfield code="9">47913</subfield>
  </datafield>
  <datafield tag="245" ind1=" " ind2=" ">
    <subfield code="a">Club Cusco :</subfield>
    <subfield code="b">revista institucional /</subfield>
    <subfield code="c">Club Departamental Cusco</subfield>
  </datafield>
  <datafield tag="260" ind1=" " ind2=" ">
    <subfield code="a">Lima.</subfield>
    <subfield code="b">Navarrete,</subfield>
    <subfield code="c">1994.</subfield>
  </datafield>
  <datafield tag="300" ind1=" " ind2=" ">
    <subfield code="a">112 p&#xE1;ginas. :</subfield>
    <subfield code="b">ilustraciones en color ;</subfield>
    <subfield code="c">27 cm.</subfield>
  </datafield>
  <datafield tag="440" ind1=" " ind2=" ">
    <subfield code="a">Club Cusco.</subfield>
    <subfield code="n">N&#xB0;1, 1994.</subfield>
    <subfield code="9">47914</subfield>
  </datafield>
  <datafield tag="505" ind1=" " ind2=" ">
    <subfield code="a">Contenido: Festejos por los 50 a&#xF1;os de su aniversario institucional. -- El Inti Raimy o fiesta del Sol. -- Danzas folcl&#xF3;ricas cusque&#xF1;as. --- Santoranticuy bella muestra del arte popular. -- Culinaria cusque&#xF1;a. -- Arqueolog&#xED;a del Manu. -- Incanidad indianidad. -- Jos&#xE9; Gabriel Condorcanqui. -- Micaela Bastidas. -- Diego Quispe Titu Inga. -- Trinidad Enr&#xED;quez. -- Jos&#xE9; Uriel Garc&#xED;a Ochoa. -- Humberto Vidal Unda. -- Atilio Sivirichi Tapia. -- Uriel Garc&#xED;a C&#xE1;ceres. -- Luis Navarrete Lechuga. ...</subfield>
  </datafield>
  <datafield tag="650" ind1=" " ind2=" ">
    <subfield code="a">Historia del Cusco</subfield>
    <subfield code="9">1714</subfield>
  </datafield>
  <datafield tag="650" ind1=" " ind2=" ">
    <subfield code="a">Historia institucional</subfield>
    <subfield code="9">47480</subfield>
  </datafield>
  <datafield tag="650" ind1=" " ind2=" ">
    <subfield code="a">Turismo</subfield>
    <subfield code="9">47915</subfield>
  </datafield>
  <datafield tag="650" ind1=" " ind2=" ">
    <subfield code="a">Folklore</subfield>
    <subfield code="9">47916</subfield>
  </datafield>
  <datafield tag="942" ind1=" " ind2=" ">
    <subfield code="2">ddc</subfield>
    <subfield code="c">PP</subfield>
  </datafield>
  <datafield tag="945" ind1=" " ind2=" ">
    <subfield code="a">rac</subfield>
  </datafield>
  <datafield tag="952" ind1=" " ind2=" ">
    <subfield code="0">0</subfield>
    <subfield code="2">ddc</subfield>
    <subfield code="4">0</subfield>
    <subfield code="7">0</subfield>
    <subfield code="a">HEM</subfield>
    <subfield code="b">HEM</subfield>
    <subfield code="c">CART</subfield>
    <subfield code="d">2022-04-20</subfield>
    <subfield code="g">5.00</subfield>
    <subfield code="o">ClubCusco/N&#xB0;1/1994</subfield>
    <subfield code="p">REVC000910</subfield>
    <subfield code="r">2022-04-20</subfield>
    <subfield code="y">PP</subfield>
  </datafield>
</record>
